000 00388nam a2200169Ia 4500
001 10614
003 GE_BSU
008 181216s||||||||xx |||||||||||||| ||und||
020 _a9770013061222027
040 _cGE_BSU
245 4 _aThe Economist, july 5th-11th. 2014
245 _bvolume 411 number 8894
260 _c2014
300 _a82p.27cm.
653 _aThe Economist
942 _cCR
999 _c43865
_d43865